Mendidik diri berhati mulia

Bibliographic Details
Main Author: Abdul Aziz Ismail
Format: Book
Published: Kuala Lumpur : Al-Hidayah , 2001
Subjects:

MARC

LEADER 00000cam a2200000 7i4500
001 0000013936
005 20080213.0
008 080213
020 |a 9830991326 
090 0 0 |a 297.57   |b ABD 
100 0 |a Abdul Aziz Ismail 
245 1 0 |a Mendidik diri berhati mulia   |c Abdul Aziz Ismail 
260 |a Kuala Lumpur :   |b Al-Hidayah ,   |c 2001 
650 0 |a Islam   |x Customs and practices 
650 0 |a Islam   |x Doctrines 
999 |a 0001007955   |b Book   |c Adult Collection   |e Perbadanan Perpustakaan Awam Johor 
999 |a 0001007957   |b Book   |c Adult Collection   |e Perbadanan Perpustakaan Awam Johor